Quizzes
Events
Quiz Creation
Community
Videos
Private Events
Remove Ads
Sign In
Join for FREE
Feedback
Dark Mode
Quiz Categories
Sports
Geography
Music
Movies
Television
Just For Fun
Miscellaneous
History
Literature
Language
Science
Gaming
Entertainment
Religion
Holiday
For Kids
Quiz Lab
Recent
Popular Today
Quiz Kudos Today
Editor Picks
Curator Picks
Quizzes by...
Day
Popularity
Type
Ratings
Length
Year
Community
Subscriptions
Recent Discussions
Orange Saloon
Badges
Playlists
Quests
Create
Leaderboards
Showdown
Live 5
Trivia Bingo
Activity
Puzzle Library
Sporcle Events
Private Events
Virtual Trivia
Globe League
Become a Host
Pub Owners
SporcleCon
Opinionation
Our Games
Videos
Blog
Mobile Apps
Partnerships
Remove Ads and Go Orange
Feedback
Television
TV Characters
TV Show
Sitcom
Network
Friends
Reality Shows
Cast
South Park
Star Trek
The Simpsons
Doctor Who
Television
TV Characters
TV Show
Sitcom
Network
Friends
Reality Shows
Cast
South Park
Star Trek
The Simpsons
Doctor Who
Random Quiz
Search Sporcle
×
Quiz Lab
Quiz Lab
Television
little
Type in answers that appear in a list
Type in answers that appear in a list
Classic
Best Score? Go Orange.
Pretty Little Liars Episodes Stats
Can you name the Pretty Little Liars Episodes?
By
Team_Ezria
6m
26 Questions
163 Plays
163 Plays
163 Plays
Comments
Comments
Give Quiz Kudos
Give Quiz Kudos
-
- Ratings
hide this ad
Replay
Link that replays current quiz
Next Quiz
Link to next quiz in quiz playlist
You Got
0%
They Got
Avg Score
54%
Avg Friend Score
Upgrade to see
Score Distribution
Jump to the score distribution portion of the page
Score
0/26
Timer
06:00
0
Plays Today
Episode Number
Episode Name
% Correct
1.1
Pilot
98.8%
1.2
The Jenna Thing
95.7%
1.3
To Kill A Mocking Girl
86.5%
1.7
The Homecoming Hangover
74.8%
1.6
There's No Place Like Homecoming
69.3%
1.9
The Perfect Storm
68.7%
1.4
Can You Hear Me Now?
64.4%
1.10
Keep Your friends Close
62.6%
1.11
Moments Later
61.3%
1.8
Please, Do Talk About Me When I'm Gone
60.7%
1.5
Reality Bites Me
58.9%
1.12
Salt Meets Wound
58.9%
1.13
Know Your Frenemies
56.4%
Episode Number
Episode Name
% Correct
1.22
For Whom the Bell Tolls
52.8%
2.1
It's Alive
46.6%
1.19
A Person of Interest
44.8%
1.14
Careful What U Wish 4
42.9%
1.21
Monsters In The End
40.5%
1.17
The New Normal
39.9%
1.16
je suis une amie
37.4%
1.20
Someone to watch over Me
35.6%
2.4
Blind Dates
35.6%
1.18
The Bad Seed
33.7%
2.2
The Goodbye Look
33.7%
2.3
My Name is Trouble
31.3%
1.15
If at first you don't suceed, lie, lie again
23.9%
Quiz Playlist
Details
Report
Send in Message
Add To Playlist
Classic:
Type in answers that appear in a list
Last Updated: Feb 16, 2017
Quiz Scoreboard
CHALLENGE
Sign Up to Join the Scoreboard
Show All
Scores
Hide
Comments
May contain spoilers
Recently Published
Billboard Blitz: Fleetwood Mac
by CooCooCachoo
Music
15s
Presidents Visiting Landmarks
by Hejman
History
7m
An Introduction to Baseball
by treessimontrees
Sports
5m
More to Explore
Quiz From the Vault
Featured Blog Post
Where Did the Easter Bunny Come From?
hide this ad
You Might Also Like...
Tags
episode
liar
little
Pretty
Today's Top Quizzes in Television
Browse Television
hide this ad
Today's Top Quizzes in little
Browse little
Top Contributed Quizzes in Television
1
5-to-1: The Simpsons Families
2
5-to-1: Television Doctors
3
7-to-1: TV Show Settings
4
One Piece Logic Puzzle
5
5-to-1: Streaming Originals
6
Survivor Seasons
7
Survivor Logic Puzzle: Heroes vs. Villains
8
TV Shows by First Names
9
Survivor Season by Logo
10
Survivor Trivia
Explore More
Trending Topics
Kpop
Harry Potter
Disney
Marvel
NBA
Anime
Crossword
Puzzle
Country
WWE
Soccer
Song
NFL
Pokémon
The Office
hide this ad
More By:
Team_Ezria
Quiz
Plays
Rating
Category
Featured
Created
Pretty Little Liars Episodes
163
Television
Jun 14, 2011
Go to Creator's Profile
Score Distribution
Quiz Creator Spotlight
Team_Ezria
Follow
Send a Message
Quizzes Created
-
Created Quiz Play Count
-
More By This Creator
Popular Quizzes Today
1
Find the US States - No Outlines Minefield
2
Find the Countries of Europe - No Outlines Minefield
3
The Countries of the World
4
Find the US States
5
Risky Map Clicking: Biggest States A-Z
6
US States
7
Popular People in 1961
8
Movies - When Are They Set?
More Television Quizzes
The Office: Michael vs. Dwight
Quiz Lab
Trending Quizzes
Risky Map Clicking: Least Populous States A-Z
1-10 Letter G Words
1-10 Letter F Words
Risky Map Clicking: Next State Alphabetically
Risky Map Clicking: Biggest States A-Z
Recently Updated
Leaping Animals
pecheneg
Reality TV Shows (A-Z)
bhenderson79
Rickey Henderson's Hall of Fame Teammates
pecheneg
Champions League XIs: Arsenal
pecheneg
Quick Pick: Celebrities in WWE's Hall of Fame
aduchscher
A-Z Keypad Blitz II
pecheneg
Multiple Oscar Actors
pecheneg
Mystery Phrase Blitz: Oscar 'Best Actors'
pecheneg
F. Scott Fitzgerald Novels
LTH
Pick 3 Villains
ddd62291
Trending Topics
Anime
Disney
Harry Potter
Kpop
Crossword
NBA
Marvel
WWE
Soccer
Pokémon
Country
Puzzle
Song
NFL
The Office
Your Account Isn't Verified!
In order to create a playlist on Sporcle, you need to verify the email address you used during registration. Go to your
Sporcle Settings
to finish the process.
Report this User
Report this user for behavior that violates our
Community Guidelines
.
Details:
Send Report
Go to the Sporcle.com Mobile Site →
Comments